000 01440cam a2200145 4500500
005 20260329023150.0
041 _afre
042 _adc
100 1 0 _aPedinielli, Jean-Louis
_eauthor
700 1 0 _aMariage, André
_eauthor
245 0 0 _aPsychopathologie du traumatisme
260 _bArmand Colin,
_c2015.
520 _aTraumatisme, traumatique, trauma, sont des mots, des notions psychologiques, qui accompagnent notre époque… La question du traumatisme occupe une place déterminante dans la psychopathologie moderne en reposant le problème du rapport entre le sujet et les ruptures de vie, les drames, les accidents…Qu’est-ce qui « fait trauma » ? Qu’est-ce qui peut bien distinguer le simple événement déplaisant, le choc, du traumatisme au pouvoir désorganisateur générant des phénomènes pathologiques ou des souffrances ou contribuant à leur persistance ?Cet ouvrage délimite la définition de « traumatisme », et en donne les caractéristiques cliniques. Il rend compte des différents courants (psychanalyse, cognitivisme, EMDR) qui fournissent, chacun, leurs propres définitions et théories du traumatisme. Enfin, il recense les prises en charge des sujets traumatisés en distinguant les soins immédiats des traitements psychothérapeutiques à moyen ou long terme.
856 4 1 _uhttps://shs.cairn.info/psychopathologie-du-traumatisme--9782200600525?lang=fr&redirect-ssocas=7080
999 _c1925185
_d1925185